000 00310 a2200157 4500
001 176265
020 _a
040 _cMagnum
100 _aRey, Marcos
240 1 0 _aDinheiro do ceu
_lpor
245 1 0 _aDinheiro do ceu
362 0 _a1899
440 1 _aÁtica
697 _aMAGNITO: J/GERAL
942 _cBK
999 _c176265
_d176265